Countries Never Colonised By Europeans - Sudden Death - Statistics

General Stats
  • This quiz has been taken 42 times
  • The average score is 7 of 13
Answers on the Grid
Answers color-coded by a green-red scale on the quiz's grid according to % correct below.
Afghanistan
Bhutan
Iran
Japan
Liberia
Mongolia
Nepal
China
North Korea
Saudi Arabia
South Korea
Thailand
Türkiye
Yemen
Oman
Qatar
Pakistan
Vietnam
Laos
Fiji
Angola
Uruguay
Paraguay
Argentina
Morocco
Azerbaijan
 
Answer Stats
Answer % Correct
Japan
62%
Nepal
62%
North Korea
62%
South Korea
59%
Thailand
59%
Afghanistan
52%
Bhutan
52%
Iran
52%
Liberia
52%
Türkiye
48%
Mongolia
45%
China
41%
Saudi Arabia
34%
No matching quizzes found
Score Distribution
Percent of People with Each Score
Percentile by Number Answered
Your Score History
You have not taken this quiz